00505nam a2200157Ia 4500003000900000008004100009020001800050040001600068080002100084100002500105245007900130260003700209300001000246650004800256650004300304IN-BaIIA211028s9999 xx 000 0 eng d a0-8243-0912-X cIIA Library a047.1:52bARA-12 aBurbidge, Geoffrey R 0aAnnual review of astronomy and astrophysicsbvol. 12cGeoffrey R. Burbidge aCaliforniabAnnual Reviewsc1974 a495p. a Annual Reviews-Astronomy and Astrophysics aAstronomy and Astrophysics Thesaurus